| 000 | 00682nam a2200265Ia 4500 | ||
|---|---|---|---|
| 005 | 20250425162343.0 | ||
| 008 | 250425s9999 xx 000 0 und d | ||
| 020 | _a8448140524 | ||
| 041 | _aspa | ||
| 082 | _a004.6 | ||
| 100 | _aHORTON, MIKE | ||
| 245 | 0 | _aCLAVES HACKERS | |
| 250 | _a1A ED. | ||
| 260 |
_aEspaña _bMCGRAW-HILL/INTERAMERICANA _c2004 |
||
| 260 | _aMADRID | ||
| 300 | _a288 | ||
| 500 | _aTítulo Traducido: HACKNOTES NETWORK SECURITY PORTABLE REFERENCE | ||
| 650 | _aHACKERS | ||
| 650 | _aINTERFACES DE COMUNICACIONES | ||
| 650 | _aINTERNET | ||
| 650 | _aINTERNET-SEGURIDAD | ||
| 650 | _aSEGURIDAD INFORMÁTICA | ||
| 942 | _c01 | ||
| 010 | _a64813 | ||
| 999 |
_c227510 _d227510 |
||